000 00360nam a2200157Ia 4500
003 Ost
005 20260225132556.0
008 260225s9999||||xx |||||||||||||| ||und||
040 _cfsic
041 _afre
082 _a440
100 _aRobert Netz
_eAuteur
245 0 _aHistoire de la censure dans l'édition /
245 0 _cRobert Netz
942 _cكتاب
999 _c34455
_d34455